LA NACION Y LA CONSTITUCION: LA LUCHA POR LA DEMOCRACIA EN MEXICO/

Gardado en:
Detalles Bibliográficos
Autor Principal: Córdova, Arnaldo (autor)
Formato: Libro
Series:CLAVES DE ANALISIS
Temas:
Etiquetas: Engadir etiqueta
Sen Etiquetas, Sexa o primeiro en etiquetar este rexistro!

MARC

LEADER 00000nam^a2200000^a^4500
001 000224234
005 20250521000000.0
009 20260310104041.322
020 |a 968-843-086-2 
035 |a 043165 
037 |a Acervo Xavier Clavigero 
082 |a 320. 972  |b COR 
100 |a Córdova, Arnaldo  |e (autor) 
245 1 3 |a LA NACION Y LA CONSTITUCION:  |b LA LUCHA POR LA DEMOCRACIA EN MEXICO/  |c ARNALDO CORDOVA 
264 |a MEXICO :  |b CLAVES LATINOAMERICANAS,  |c 1989 
300 |a 516p. 
336 |a texto  |b txt  |2 rdacontenido 
337 |a sin mediación  |b n  |2 rdamedio 
338 |a volumen  |b nc  |2 rdasoporte 
440 |a CLAVES DE ANALISIS 
649 |a XX 
650 |a Política -  |z México 
650 |a Nacionalismo 
910 |a Fondo General 
920 |a Impresos - Libros 
930 |a Colección General 
905 |a 101 
901 |a 043165  |b IT1  |c ACC  |i 043165  |u 20250521 
902 |a https://opac.biblio.iteso.mx/vufind/Record/000224234